<?xml version="1.0" encoding="UTF-8"?>
<collection xmlns="http://www.loc.gov/MARC21/slim">
  <record>
    <leader>00000nam  2200000   4500</leader>
    <controlfield tag="001">INLIS000000000018635</controlfield>
    <controlfield tag="005">20241202020111</controlfield>
    <datafield tag="035" ind1="#" ind2="#">
      <subfield code="a">0010-1224000006</subfield>
    </datafield>
    <controlfield tag="007">ta</controlfield>
    <controlfield tag="008">241202###########################0######</controlfield>
    <datafield tag="245" ind1="#" ind2="#">
      <subfield code="a">SINTESA :</subfield>
      <subfield code="b">Sistem Informasi Terpadu Dan Efisiensi Administrasi /</subfield>
      <subfield code="c">Chres Fransisco Patris Laoh, S.Kom., MM</subfield>
    </datafield>
    <datafield tag="260" ind1="#" ind2="#">
      <subfield code="a">Makassar :</subfield>
      <subfield code="b">Puslatbang KMP RI LAN Makassar,</subfield>
      <subfield code="c">2024</subfield>
    </datafield>
    <datafield tag="300" ind1="#" ind2="#">
      <subfield code="a">43 ;</subfield>
      <subfield code="c">30</subfield>
    </datafield>
    <datafield tag="650" ind1="#" ind2="4">
      <subfield code="a">mengintegrasikan berbagai fungsi administrasi di Fakultas Ekonomi dan Bisnis, UNSRAT berbasis web, yang diharapkan dapat meningkatkan efisiensi proses, mempercepat pengolahan data, dan meningkatkan transparansi layanan.</subfield>
    </datafield>
    <datafield tag="700" ind1=" " ind2="#">
      <subfield code="a">Dr. Lucky O.H. Dotulong, SE., M.Si (Mentor)</subfield>
    </datafield>
    <datafield tag="700" ind1=" " ind2="#">
      <subfield code="a">Fajar Lingga Prasetya, S.AB (Coach)</subfield>
    </datafield>
    <datafield tag="520" ind1="#" ind2="#">
      <subfield code="a">Dalam kegiatan aktualisasi ini, isu utama yang diangkat adalah kurangnya pengembangan digitalisasi dalam administrasi akademik di Fakultas Ekonomi dan Bisnis, Universitas Sam Ratulangi (UNSRAT).&#13;
&#13;
Isu ini muncul akibat sistem administrasi yang masih manual dan belum sepenuhnya terintegrasi dengan teknologi digital. Hal ini mengakibatkan penurunan efisiensi, menurunnya kualitas pelayanan akademik, dan lambatnya pengambilan keputusan strategis.&#13;
&#13;
Gagasan pemecahan masalah yang diusulkan adalah pengembangan dan penerapan "SINTESA" (Sistem Informasi Manajemen Terpadu Administrasi). Sistem ini dan Efisiensi dirancang untuk mengintegrasikan berbagai fungsi administrasi di Fakultas Ekonomi dan Bisnis, UNSRAT berbasis web, yang diharapkan dapat meningkatkan efisiensi proses, mempercepat pengolahan data, dan meningkatkan transparansi layanan. Dengan digitalisasi ini, diharapkan adanya penghematan biaya operasional, aksesibilitas yang lebih baik bagi mahasiswa, dosen, dan staf, serta peningkatan integrasi data yang lebih akurat dan real-time.&#13;
&#13;
Analisis SWOT yang dilakukan mendukung pengembangan SINTESA dengan mengidentifikasi kekuatan seperti efisiensi dan aksesibilitas, serta tantangan seperti resistensi perubahan dan kebutuhan pelatihan untuk pengguna. Dampak positif dari penerapan SINTESA akan terlihat dalam peningkatan kualitas layanan akademik, pengelolaan data yang lebih baik, dan peran Fakultas Ekonomi dan Bisnis, UNSRAT yang lebih kompetitif di era digital.&#13;
&#13;
Implementasi sistem ini juga sejalan dengan prinsip SMART ASN dan nilai-nilai BerAKHLAK, yang menekankan pada berorientasi pelayanan, akuntabilitas, kompetensi, harmonis, loyal, kolaborasi, serta adaptasi terhadap perubahan teknologi.</subfield>
    </datafield>
    <datafield tag="856" ind1="#" ind2="#">
      <subfield code="a">PUSLATBANG KMP LAN RI Makassar</subfield>
    </datafield>
  </record>
</collection>
